000 01149nam a2200241 i 4500
001 189900
003 SpMaBN
005 20250808083646.0
008 191223s1978 sp |||| | spa d
080 _a34(460.11)"11/12"
080 _a348(460.11)"11/12"
100 1 _aGonzález López, Emilio.
_958763
245 1 0 _aCanonistas del noroeste de España profesores de Bolonia
_b: su influencia en el desarrollo del derecho canónico en Europa y en la formación de las universidades españolas : discurso leído el día 4 de noviembre de 1978, en la solemne sesión de ingreso del académico de número Don Emilio González López y contestación del Excmo. Señor Pío Cabanillas Gallas.
260 _aLa Coruña :
_bAcademia Gallega de Jurisprudencia y Legislación,
_c1978.
300 _a91 p. ;
_c27 cm.
504 _aBibliografía: p. 77-80.
650 7 _aAbogados-
_zGalicia.
_9167271
650 7 _aDerecho canónico-
_zGalicia
_2
_9169226
700 1 _aCabanillas Gallas, Pío,
_d1923-1991
_933147
710 2 _aAcademia Gallega de Jurisprudencia y Legislación.
_91197
852 _aES-MaACL
_jL-32484
999 _c189900
_d189900